| 000 | 01541nas a2200433 a 4500 | ||
|---|---|---|---|
| 001 | dia_825 | ||
| 003 | CHAP | ||
| 005 | 20260209101203.0 | ||
| 007 | ta | ||
| 008 | 220117s2018 mx zr g|r 000 00spa d | ||
| 010 | _a171375 | ||
| 022 | 0 | _a1405-3195 | |
| 040 |
_cCHAP _amxchpua _erda |
||
| 041 | 1 |
_aeng _hspa |
|
| 110 | 1 |
_aSAGARPA. _bColegio de Posgraduados _9191588 |
|
| 210 | 1 |
_2CHAP _aAgrociencia |
|
| 222 | _aAgrociencia | ||
| 245 | 1 | 0 |
_aAgrociencia 2018 / _cSAGARPA. Colegio de Posgraduados |
| 300 |
_a8 volúmenes : _bilustraciones, mapas, gráficas, diagramas, tablas, fotos |
||
| 310 | _a45 días | ||
| 504 | _aIncluye bibliografías | ||
| 505 | 0 | _aVolumen 52, Número 1 | |
| 505 | 0 | _aVolumen 52, Número 2 | |
| 505 | 0 | _aVolumen 52, Número 3 | |
| 505 | 0 | _aVolumen 52, Número 4 | |
| 505 | 0 | _aVolumen 52, Número 5 | |
| 505 | 0 | _aVolumen 52, Número 6 | |
| 505 | 0 | _aVolumen 52, Número 7 | |
| 505 | 0 | _aVolumen 52, Número 8 | |
| 520 | 0 |
_aVolumen 52, Número 3 _uhttps://chapingo.koha.es/cgi-bin/koha/opac-detail.pl?biblionumber=173683 |
|
| 521 | _aAl público agronómico | ||
| 530 | _aDisponible en formato electrónico | ||
| 546 | _aTotalmente bilingüe / Fully bilingual | ||
| 650 | 1 | 3 |
_aAgronomía _9149014 _2atg |
| 710 | 1 |
_aSAGARPA. _bColegio de Posgraduados _9191588 |
|
| 856 | 4 | 0 |
_uhttps://chapingo.koha.es/cgi-bin/koha/opac-detail.pl?biblionumber=171310 _yPRINCIPAL |
| 856 | 4 | 0 |
_uhttps://chapingo.koha.es/cgi-bin/koha/opac-detail.pl?biblionumber=173683 _yAGROCIENCIA 2018 |
| 942 |
_cISSUE _2local |
||
| 999 |
_c171375 _d171375 |
||